A disgraceful affair (Record no. 425237)

MARC details
000 -LEADER
fixed length control field 00266nam a2200097Ia 4500
082 ## - DEWEY DECIMAL CLASSIFICATION NUMBER
Classification number LP EF OLIV
008 - FIXED-LENGTH DATA ELEMENTS--GENERAL INFORMATION
fixed length control field 210817s9999 xx 000 0 und d
100 ## - MAIN ENTRY--PERSONAL NAME
Personal name Oliver, Marina, , 1934- Leicester, 2009
9 (RLIN) 99796
245 #0 - TITLE STATEMENT
Title A disgraceful affair
942 ## - ADDED ENTRY ELEMENTS
item type Books

No items available.